00474nam a22001337a 4500003000500000082000800005100001900013245011000032264003700142300003100179650003600210700003700246856005700283NUST a621 aRehman ,Kinza  aModeling, Parameter Identification and Stability Analysis of Vibrating Mechanical Systems /cKinza Rehman aIslamabad: bSMME- NUST. c2021. a75p. ;bSoft Copy, c30cm. aMS Mechanical Engineering  aSupervisor : Dr. Mian Ashfaq Ali uhttp://10.250.8.41:8080/xmlui/handle/123456789/24219